
Library Catalogue

| 000 -LEADER | |
|---|---|
| fixed length control field | 01567nam a2200229Ia 4500 |
| 003 - CONTROL NUMBER IDENTIFIER | |
| control field | OSt |
| 005 - DATE AND TIME OF LATEST TRANSACTION | |
| control field | 20211228163358.0 |
| 008 - FIXED-LENGTH DATA ELEMENTS--GENERAL INFORMATION | |
| fixed length control field | 160316s2012 xxu||||| |||| 00| 0 eng d |
| 020 ## - INTERNATIONAL STANDARD BOOK NUMBER | |
| International Standard Book Number | 9789350351673 |
| 040 ## - CATALOGING SOURCE | |
| Transcribing agency | NLS |
| 082 ## - DEWEY DECIMAL CLASSIFICATION NUMBER | |
| Classification number | 346.096 AIY |
| 100 ## - MAIN ENTRY--PERSONAL NAME | |
| Personal name | Aiyar S Krishnamurthi |
| 245 ## - TITLE STATEMENT | |
| Title | Law relating to negotiable insutrments act with exhaustive comments and case law on dishonour of cheques |
| 250 ## - EDITION STATEMENT | |
| Edition statement | 11th |
| 260 ## - PUBLICATION, DISTRIBUTION, ETC. | |
| Place of publication, distribution, etc. | Delhi |
| Name of publisher, distributor, etc. | Universal Law Publishing Co.Pvt.Ltd. |
| Date of publication, distribution, etc. | 2012 |
| 300 ## - PHYSICAL DESCRIPTION | |
| Extent | 1022p |
| Dimensions | cli |
| 365 ## - TRADE PRICE | |
| Price amount | Rs. 1,195 |
| 505 ## - FORMATTED CONTENTS NOTE | |
| Formatted contents note | Contents:<br/>Introduction;<br/>The Negotiable Instruments Act, 1881;<br/>Chapter I: Preliminary;<br/>Chapter II: Of Notes, Bills and Cheques;<br/>Chapter III: Parties to notes, bills and cheques;<br/>Chapter IV: Of Negotiation;<br/>Chapter V: Of Presentment;<br/>Chapter VI: Interest;<br/>Chapter VII: Of discharge from liability on notes, bills and cheques;<br/>Chapter VIII: Of notice of dishonour;<br/>Chapter IX: Of noting and protest;<br/>Chapter X: Of reasonable time;<br/>Chapter XI: Of acceptance and payment for honour and reference in case of need;<br/>Chapter XII: Of compensation;<br/>Chapter XIII: Special rules of evidence;<br/>Chapter XIV: Of crossed cheques;<br/>Chapter XV: Of bills in sets;<br/>Chapter XVI: Of international law;<br/>Chapter XVII: Of penalties in case of dishonour of cetain cheques for insufficiency of funds in the accounts;<br/>Chapter XVIII: Bail under dishonour of cheques cases. |
| 650 ## - SUBJECT ADDED ENTRY--TOPICAL TERM | |
| Topical term or geographic name entry element | 1. Negotiable Instruments Law - Practice - India 2. The Negotiable Instruments Act - Commentaries |
| 700 ## - ADDED ENTRY--PERSONAL NAME | |
| Personal name | |
| -- | |
| 942 ## - ADDED ENTRY ELEMENTS (KOHA) | |
| Source of classification or shelving scheme | Dewey Decimal Classification |
| Koha item type | BOOKs |
| Withdrawn status | Lost status | Damaged status | Not for loan | Home library | Current library | Shelving location | Date acquired | Cost, normal purchase price | Total Checkouts | Full call number | Barcode | Date last seen | Price effective from | Koha item type |
|---|---|---|---|---|---|---|---|---|---|---|---|---|---|---|
| . | . | 30.05.2017 | 1195.00 | 346.096 AIY | 27461 | 30.05.2017 | 30.05.2017 | BOOKs |